| 000 | 01059nam a22002777a 4500 | ||
|---|---|---|---|
| 003 | BD-DhSAU | ||
| 005 | 20190514114052.0 | ||
| 008 | 160530b2014 bg ||||| |||| 001 0 eng d | ||
| 040 | _aBD-DhSAU | ||
| 082 |
_222 _a630 _bSa738 |
||
| 100 | _aSarkar, Srabantika [Registration # 08-02787] | ||
| 245 |
_aResponse of diffeprent sources of potassium on growth, yield and quality of five potato varieties / _bMS thesis |
||
| 260 |
_aSher-e-Bangla Agricultural Uniersity : _bDepartment of Agronomy _c2014 |
||
| 300 |
_aviii, 94 p. : _bill. ; _c30 cm. |
||
| 500 | _aMS thesis of Department of Agronomy , Faculty of Agriculture, Sher-e-Bangla Agricultural University, Dhaka, Bangladesh | ||
| 590 | _aMd. Sirajul Islam | ||
| 650 | _aAgronomy | ||
| 650 | _aPotassium | ||
| 650 | _aGrowth | ||
| 650 | _aYield | ||
| 650 | _aVarieties | ||
| 700 |
_aRoy, Tuhin Suvra _eSupervisor |
||
| 700 |
_aBaque, Md. Abdullah _eCo-Supervisor |
||
| 856 |
_uhttp://archive.saulibrary.edu.bd:8080/xmlui/handle/123456789/2510 _yOnline Access |
||
| 942 |
_2ddc _cTHESIS |
||
| 999 |
_c13301 _d13300 |
||